Science et société impact

Korporativní autor: UNESCO
Jazyk: Francouzština
Vydáno: Paris : Organisation des Nations Unies, 1950-1992
Odebírané ročníky: 1952-53
Odebírané svazky: 3-4
Noviny a časopisy
Uloženo v:
LEADER 00703nas a22001932a 4500
001 000875547
003 CZ BrMZK
005 20080320091119.0
007 ta
008 071115d19501992fr uu|p||||||||||||0fre d
040 |a BOA001  |b cze 
245 0 0 |a Science et société impact 
260 |a Paris :  |b Organisation des Nations Unies,  |c 1950-1992 
310 |a Periodicita není známa 
710 2 |a UNESCO  |7 kn20010711459 
910 |a BOA001  |b 2-0456.044  |r 1952-53  |s 3-4 
990 |a SE 
996 6 |b 2619082722  |c 2-0456.044  |d 1953 4  |v 4  |y 1953  |l MZK  |r Sklad / do 24 hodin  |n 0  |w 000875547  |u 000020  |a 1  |e BOA001  |j MZK50  |s P 
996 6 |b 2619082723  |c 2-0456.044  |d 1952 3  |v 3  |y 1952  |l MZK  |r Sklad / do 24 hodin  |n 0  |w 000875547  |u 000010  |a 1  |e BOA001  |j MZK50  |s P